00673nam a2200253Ia 450000500170000000800460001702000180006303700100008104000080009104000080009904000080010704100080011504100080012308400080013110000250013924500260016426000310019026000090022165000220023085600450025294200100029799900210030795200910032820260306154015.0008 260114s9999 xx 000 0 eng d a9780511895548 aEBOOK aCRL beng cCRL 2eng aeng qCRL aPrice Foley91126684 4aThe Tea Party 1st ed bCambridge University Press c2012 aPolitical Science uhttps://doi.org/10.1017/CBO9780511895548 cEBOOK c1705777d1705777 00104070aCRLbCRLd2026-03-06l0pCL1985785r2026-03-06 15:40:15w2026-03-06yEBOOK